083_ Personnalités nées un 24 mars par images - Statistiques

Statistiques générales
  • Ce quiz a été pris 25 fois
  • Le résultat moyen est 2 sur 9
Statistiques - réponses
Par images Hint Réponse % Correct
Chanteur Corneille
80%
Actrice Frédérique Bel
60%
Acteur Jim Parsons
24%
Actrice Alyson Hannigan
16%
Acteur Jean-Christophe Bouvet
8%
Acteur Peter Jacobson
4%
Styliste Tommy Hilfiger
4%
Physicien Edmond Becquerel
0%
Homme d'affaires Jean-Louis David
0%
Aucun quiz correspondant
Distribution des résultats
% des personnes avec chaque résultat
Percentile par nombre de réponses
Votre historique - résultats
Vous n’avez pas pris ce quiz